000 00310nam a22001337a 4500
008 170928b xxu||||| |||| 00| 0 eng d
020 _a9780132912716
041 _aeng
080 _23 ED
_a37
100 _a47
101 _aEDU
245 _aLONGMAN ACADEMIC WRITING SERIES
_cHOGUE.A
942 _2udc
_cBK
999 _c30405
_d30405